The dispossessed : a study of the sex-life of Bantu women in urban areas in and around Johannesburg /

Bibliographic Details
Main Author: Longmore, Laura
Format: Book
Language:English
Published: London : J. Cape, 1959.
Subjects:

MARC

Tag First Indicator Second Indicator Subfields
LEADER 00000cam a2200000 4500
001 in00000007322
005 20151005070014.0
008 741105s1959 enkbf b 00110 eng
010 |a  59003991  
035 |a (OCoLC)01066709 
035 |9 AAA1810AM 
040 |a DLC  |c RGC  |d OCL  |d TXA  |d UtOrBLW 
049 |a TXAM  |c [A12563095] 
050 0 0 |a HQ18.S6  |b L6 
100 1 |a Longmore, Laura. 
245 1 4 |a The dispossessed :  |b a study of the sex-life of Bantu women in urban areas in and around Johannesburg /  |c Laura Longmore. 
264 1 |a London :  |b J. Cape,  |c 1959. 
300 |a 334 pages, 2 unnumbered pages of folded plates :  |b maps ;  |c 22 cm. 
336 |a text  |b txt  |2 rdacontent 
337 |a unmediated  |b n  |2 rdamedia 
338 |a volume  |b nc  |2 rdacarrier 
504 |a Bibliography: pages 392-330. 
500 |a Includes index. 
650 0 |a Women in Johannesburg. 
650 0 |a Sex customs  |z South Africa  |z Johannesburg. 
651 0 |a Johannesburg (South Africa)  |x Social conditions. 
740 0 |a Bantu women in urban areas in and around Johannesburg. 
999 |a MARS 
999 f f |s c9485628-bbbd-3772-8fab-ec5c414020bd  |i 761bf2d0-3839-30d8-9103-04eceed787d7  |t 0 
952 f f |p ric  |a Texas A&M University  |b Rellis Campus  |c Joint Library Facility  |d Remote Storage  |t 0  |e HQ18.S6 L6  |h Library of Congress classification  |i unmediated -- volume  |m A14812563095 
998 f f |a HQ18.S6 L6  |t 0  |l Remote Storage